| 000 | 00619nam a22001937a 4500 | ||
|---|---|---|---|
| 005 | 20251108164651.0 | ||
| 008 | 250721s1995 xx 000 0 ara d | ||
| 082 | 1 | 4 | _a296/أحم |
| 100 | 1 | _aالسقا، أحمد حجازي | |
| 245 | 1 | 0 |
_aنقد التوراه : _bأسفار موسى الخمسه : السامريه - العبرانيه - اليونانيه / |
| 264 | 1 |
_aبيروت : _bدار الجيل، _c1995. |
|
| 300 | _a376ص. | ||
| 650 | 1 | 7 | _aاليهودية |
| 650 | 1 | 7 | _aالسامريون |
| 650 | 1 | 7 | _aالفرق الدينية |
| 650 | 1 | 7 | _aالتوراه |
| 942 |
_2ddc _cBK |
||
| 999 |
_c11343 _d11343 |
||